| 000 | 00910nam0a22002771 4500 | ||
|---|---|---|---|
| 001 | v19\rc\1915876 | ||
| 005 | 20251118180619.7 | ||
| 035 | _a(NLR Aleph) 005003448 | ||
| 090 |
_a6410874 _c6410874 |
||
| 100 | _a20080404d1911 u y0rusy50 ca | ||
| 101 | 0 | _arus | |
| 102 | _aRU | ||
| 105 | _aa z ||||| | ||
| 200 | 1 |
_aМаленький рыболов _eУстройство рыболов. снастей домаш. способом и др. сведения по ужению рыбы _fВл. Ярополов |
|
| 210 |
_aМосква _cА.Д. Ступин _d1911 |
||
| 215 |
_a47 с. _cил. _d15 |
||
| 225 | 1 |
_aБиблиотечка Ступина _v87 |
|
| 700 | 1 |
_aЯрополов _bВл. |
|
| 801 | 0 |
_aRU _bNLR _gpsbo |
|
| 801 | 0 |
_aRU _bRuMoRGB _2psbo |
|
| 801 | 1 |
_aRU _bProSoft-M _2rusmarc |
|
| 852 |
_aNLR _j37.44.10.964 |
||
| 899 |
_aRuMoRGB _jB 19/1335 |
||
| 899 | _aБАН | ||
| 942 | _cBOOK | ||
| 980 | _aNB | ||